00895nam a22001817a 4500003000900000008004100009040007100050082002500121100002600146245009000172260003500262300002600297505027700323650002600600650003900626650002600665650002200691AR-CdUCM190307b ||||| |||| 00| 0 spa d aMUNICIPALIDAD PROVINCIAL DEL CUSCOcBIBLIOTECA MUNICIPAL DEL CUSCO 22ed.a985.074 /bP34 aPease García, Henry aEL ocaso del poder oligárquico :bLucha política en la escena oficial 1968-1975 / aBuenos Aires :bEl Cid,c1979. a313 paginas ;c20 cm. aContenido : La revolución del 68 en el proceso político peruano -- 1968-1970 criollización o radicalización -- La burguesía liberal frente al velasquismo (1970-74) -- La misión, los militares progresistas (1974-75) -- Notas sobre el estado a partir de 1968 ... aAspectos políticos  aGobierno Revolucionario, 1968-1980 aPolítica y gobierno aPolítica-Perú